CompTIA Acronyms 6 - Statistics

General Stats
  • This quiz has been taken 28 times
  • The average score is 6 of 22
Answer Stats
Hint Answer % Correct
IP Internet Protocol
75%
Kb Kilobit
75%
KB Kilobyte / Knowledge Base
75%
ISP Internet Service Provider
67%
LCD Liquid Crystal Display
58%
LAN Local Area Network
58%
IPCONFIG Internet Protocol Configuration
42%
IR Infrared
33%
IPSec Internet Protocol Security
25%
JBOD Just a Bunch of Disks
17%
IPS In-Plane Switching
8%
ISO International Organization for Standardization / Industry Standards Organization
8%
IRQ Interrupt Request
8%
IRP Incident Response Plan
0%
IrDA Infrared Data Association
0%
ISDN Integrated Services Digital Network
0%
IMEI International Mobile Equipment Identity
0%
IMSI International Mobile Subscriber Identity
0%
IPP Internet Printing Protocol
0%
KVM Kernel-based Virtual Machine
0%
LBA Logical Block Addressing
0%
LC Lucent Connector
0%
No matching quizzes found
Score Distribution
Percent of People with Each Score
Percentile by Number Answered
Your Score History
You have not taken this quiz